| 000 | 00482nam a22001577a 4500 | ||
|---|---|---|---|
| 003 | SISC | ||
| 005 | 20160720103104.0 | ||
| 008 | 160720b xxu||||| |||| 00| 0 eng d | ||
| 020 | _a9789712726538 | ||
| 050 |
_aPN 2917 _b.N439 2012 |
||
| 100 | _aNepales, Ruben V. | ||
| 245 |
_aMy Filipino connection : _bthe Philippines in hollywood / _cRuben V. Napales. |
||
| 260 |
_aMandaluyong City : _bAnvil, _c2012. |
||
| 300 |
_axiii, 115 pages : _billustrations ; _c23 cm. |
||
| 942 |
_2lcc _cBK |
||
| 999 |
_c297764 _d297764 |
||